000 01152nam0a2200325 4500
001 RU\NLR\bibl\1822552
005 20260406092125.0
010 _a978-5-9533-5429-5
_98000
021 _aRU
_b2011-71344
_9485д/2011
035 _a(NLR Aleph) 001813103
090 _a1899802
_c1899802
100 _a20111018d2011 |||y0rusy50 ca
101 0 _arus
102 _aRU
105 _aa |||||||||
200 1 _aТайны Шлиссельбургской крепости
_fН. М. Коняев
210 _aМосква
_cВече
_d2011
215 _a397, [2] с., [8] л. ил., портр.
_d21
225 1 _aТайны Российской империи
601 0 2 _aШлиссельбургская крепость
_91961591
_3RU\NLR\AUTH\661185426
686 1 _aТ3(2Р-4Ле-2Шл)л6
686 1 _aЦ561.211.1
700 1 _4070
_8rus
_7ca
_aКоняев
_bН. М.
_cписатель-документалист
_gНиколай Михайлович
_f1949-2018
_3RU\NLR\auth\7762718
_945648
801 0 _aRU
_bNLR
_c20111018
_gRCR
801 1 _aRU
_bNLR
_c20111018
942 _cBOOK
980 _aNB
980 _aNBR